| 000 | 00786cam a22002295a 4500 | ||
|---|---|---|---|
| 001 | L153559 | ||
| 002 | 18762 | ||
| 008 | 110805s2011 xxk f 000 0 eng d | ||
| 020 | _a9781901171396 | ||
| 035 | _a(Sirsi) u153559 | ||
| 041 | 0 | _aeng | |
| 050 | 0 | 4 | _a692.8 |
| 110 | 2 |
_aAssociation of Consultant Architects _91156 |
|
| 245 | 0 | 0 | _aGuide to ACA Term Partnering Contracts TPC2005 and STPC2005 |
| 260 |
_aBromley _bACA _c2011 |
||
| 520 | _aWritten for use with the TPC2005 and the STPC2005, this text details the contractual provisions and processes that are useful when building cooperative teams between trm works, services and suppliers. | ||
| 521 | _aS | ||
| 590 | _aKA | ||
| 651 | 4 | _aENGLAND AND WALES | |
| 690 | _aBUILT ENVIRONMENT-BUILDING CONTRACT FORMS | ||
| 942 | _n0 | ||
| 999 |
_c112596 _d112596 |
||